[Event "SG Schwäbisch Gmünd 1 - TSV Schönaich 2"]
[Site "Oberliga 2019/2020"]
[Date "2019.10.13"]
[Time "10:00:00"]
[Round "2"]
[White "Wenninger, Philipp"]
[Black "Petrova, Kristyna"]
[WhiteElo "2318"]
[BlackElo "2257"]
[WhiteTeam "TSV Schönaich 2"]
[BlackTeam "SG Schwäbisch Gmünd 1"]
[Board "1"]
[Result "1/2-1/2"]

1.d4 Nf6 2.c4 g6 3.Nc3 d5 4.cxd5 Nxd5 5.e4 Nxc3 6.bxc3 Bg7 7.Nf3
c5 8.Rb1 O-O 9.Be2 Nd7 10.O-O b6 11.Qd3 Bb7 12.d5 c4 13.Qxc4
Rc8 14.Qa4 Rxc3 15.Bb2 Rc7 16.Bxg7 Kxg7 17.Rfd1 Nc5 18.Qd4+ f6
19.Rbc1 Qd6 20.Qe3 e5 21.dxe6 Qxe6 22.Nd4 Qxe4 23.Qxe4 Bxe4 24.Rxc5
Rxc5 25.Ne6+ Kf7 26.Nxc5 bxc5 27.Bc4+ Kg7 28.Rd7+ Kh6 29.f3 Bc2
30.Rxa7 Rd8 31.Rc7 Bd3 32.Be6 c4 33.a4 Re8 34.Rc6 f5 35.Bxc4
Re1+ 36.Kf2 Re2+ 37.Kg3 f4+ 38.Kh3 Rc2 39.Bb5 Bf5+ 40.g4 fxg3+
41.Kxg3 Ra2 42.Rc7 g5 43.Ra7 Ra3 44.Bc6 Kg6 45.h3 Kf6 46.Ra6
Ke5 47.Be8 Be4 48.Bh5 Bc2 49.a5 Ra2 50.Bf7 Ra1 51.Ra8 Bd3 52.Rd8
Kf6 53.Rxd3 Kxf7 54.Rd7+ Kg6 55.Ra7 Ra4 56.Ra8 Kh5 57.Ra7 h6
58.Ra8 Ra2 59.Ra6 Ra1 1/2-1/2

[Event "SG Schwäbisch Gmünd 1 - TSV Schönaich 2"]
[Site "Oberliga 2019/2020"]
[Date "2019.10.13"]
[Time "10:00:00"]
[Round "2"]
[White "Jurek, Josef"]
[Black "Bunzmann, Dimitrij"]
[WhiteElo "2258"]
[BlackElo "2409"]
[WhiteTeam "SG Schwäbisch Gmünd 1"]
[BlackTeam "TSV Schönaich 2"]
[Board "2"]
[Result "1/2-1/2"]

1.c4 b6 2.e4 Bb7 3.Nc3 e6 4.g3 f5 5.Bg2 Nf6 6.d3 fxe4 7.Nge2
Bc5 8.O-O O-O 9.Bg5 Qc8 10.d4 Be7 11.Bxf6 Bxf6 1/2-1/2

[Event "SG Schwäbisch Gmünd 1 - TSV Schönaich 2"]
[Site "Oberliga 2019/2020"]
[Date "2019.10.13"]
[Time "10:00:00"]
[Round "2"]
[White "Kölle, Tobias"]
[Black "Weiss, Andreas"]
[WhiteElo "2238"]
[BlackElo "2163"]
[WhiteTeam "TSV Schönaich 2"]
[BlackTeam "SG Schwäbisch Gmünd 1"]
[Board "3"]
[Result "1-0"]

1.d4 Nf6 2.c4 e6 3.Nf3 b6 4.g3 Bb7 5.Bg2 Bb4+ 6.Bd2 Bxd2+ 7.Nbxd2
O-O 8.O-O d6 9.Qc2 Nbd7 10.e4 c5 11.d5 exd5 12.cxd5 b5 13.h3
Re8 14.Nh4 c4 15.Nf5 Nc5 16.g4 Bc8 17.Ng3 Qb6 18.g5 Nfd7 19.Kh2
Rb8 20.f4 a5 21.Rf3 g6 22.Bf1 Ba6 23.h4 Na4 24.h5 Rbc8 25.Bh3
Rc7 26.e5 dxe5 27.Bxd7 Rxd7 28.Nde4 Rd6 29.Nxd6 Qxd6 30.Ne4 Qd8
31.Nf6+ Kh8 32.hxg6 fxg6 33.Rh3 1-0

[Event "SG Schwäbisch Gmünd 1 - TSV Schönaich 2"]
[Site "Oberliga 2019/2020"]
[Date "2019.10.13"]
[Time "10:00:00"]
[Round "2"]
[White "Denisow, Jewgeny"]
[Black "Richter, Nils"]
[WhiteElo "2131"]
[BlackElo "2174"]
[WhiteTeam "SG Schwäbisch Gmünd 1"]
[BlackTeam "TSV Schönaich 2"]
[Board "4"]
[Result "1-0"]

1.d4 Nf6 2.Nf3 g6 3.c4 Bg7 4.e3 O-O 5.Be2 c5 6.O-O cxd4 7.exd4
d5 8.c5 b6 9.cxb6 axb6 10.Nc3 Ne4 11.Qb3 Nc6 12.Rd1 Bg4 13.Nb5
Rc8 14.Bd2 Nxd2 15.Rxd2 Na5 16.Qe3 Nc4 17.Bxc4 dxc4 18.Re1 Qd7
19.a4 Qb7 20.Qxe7 Bxf3 21.gxf3 Qxf3 22.Nd6 Qg4+ 23.Kf1 Qf4 24.Nxc8
Qxd2 25.d5 Rxc8 26.d6 Qd3+ 27.Kg1 Qd4 28.d7 Rf8 29.Re4 Qf6 30.Qe8
Qd8 31.Qxd8 1-0

[Event "SG Schwäbisch Gmünd 1 - TSV Schönaich 2"]
[Site "Oberliga 2019/2020"]
[Date "2019.10.13"]
[Time "10:00:00"]
[Round "2"]
[White "Lorscheid, Gerhard"]
[Black "Hönick, Andreas"]
[WhiteElo "2253"]
[BlackElo "2102"]
[WhiteTeam "TSV Schönaich 2"]
[BlackTeam "SG Schwäbisch Gmünd 1"]
[Board "5"]
[Result "1/2-1/2"]

1.d4 d5 2.c4 e6 3.Nc3 Bb4 4.Qa4+ Nc6 5.e3 Nf6 6.Nf3 O-O 7.a3
Bxc3+ 8.bxc3 a6 9.Bd3 Re8 10.cxd5 exd5 11.O-O Be6 12.Rb1 b5 13.Qc2
Na5 14.a4 Nc4 15.axb5 axb5 16.Ne5 Qd6 17.f4 Bd7 18.Qb3 c6 19.Qb4
Ra4 20.Qxd6 1/2-1/2

[Event "SG Schwäbisch Gmünd 1 - TSV Schönaich 2"]
[Site "Oberliga 2019/2020"]
[Date "2019.10.13"]
[Time "10:00:00"]
[Round "2"]
[White "Pohl, Walter"]
[Black "Buschle, Lukas"]
[WhiteElo "2040"]
[BlackElo "2114"]
[WhiteTeam "SG Schwäbisch Gmünd 1"]
[BlackTeam "TSV Schönaich 2"]
[Board "6"]
[Result "1/2-1/2"]

1.e4 c5 2.Nf3 d6 3.Bb5+ Bd7 4.Bxd7+ Qxd7 5.O-O Nf6 6.Re1 Nc6
7.c3 e6 8.d4 cxd4 9.cxd4 d5 10.e5 Ne4 11.Nbd2 Nxd2 12.Bxd2 Be7
13.Rc1 Bd8 14.b4 Bb6 15.Bc3 Ne7 16.a4 a5 17.b5 h6 18.Bb2 1/2-1/2

[Event "SG Schwäbisch Gmünd 1 - TSV Schönaich 2"]
[Site "Oberliga 2019/2020"]
[Date "2019.10.13"]
[Time "10:00:00"]
[Round "2"]
[White "Brunner, Jan"]
[Black "Reindl, Arno"]
[WhiteElo "1999"]
[BlackElo "1987"]
[WhiteTeam "TSV Schönaich 2"]
[BlackTeam "SG Schwäbisch Gmünd 1"]
[Board "7"]
[Result "1-0"]

1.d4 Nf6 2.c4 g6 3.f3 Bg7 4.e4 d6 5.Nc3 O-O 6.Bg5 Nbd7 7.Qd2
c5 8.d5 Qa5 9.Be2 Re8 10.Nh3 Nf8 11.Nf2 e5 12.O-O a6 13.a4 Bd7
14.g3 Qc7 15.Kg2 Kh8 16.h4 Ng8 17.h5 h6 18.hxg6 f6 19.Be3 Nxg6
20.Rh1 Nf8 21.Rh2 1-0

[Event "SG Schwäbisch Gmünd 1 - TSV Schönaich 2"]
[Site "Oberliga 2019/2020"]
[Date "2019.10.13"]
[Time "10:00:00"]
[Round "2"]
[White "Bader, Gerd"]
[Black "Schnadt, Florian"]
[WhiteElo "2000"]
[BlackElo "2046"]
[WhiteTeam "SG Schwäbisch Gmünd 1"]
[BlackTeam "TSV Schönaich 2"]
[Board "8"]
[Result "1/2-1/2"]

1.e4 e5 2.Nf3 Nc6 3.d3 Nf6 4.c3 d5 5.Nbd2 a5 6.Be2 Bc5 7.O-O
O-O 8.b3 Qe7 9.Bb2 Rd8 10.Qc2 Bg4 11.a3 d4 12.cxd4 Bxf3 13.Nxf3
Bxd4 14.Bxd4 Nxd4 15.Nxd4 Rxd4 16.Rfc1 c6 17.Qc3 Nd7 18.f4 Qd6
19.f5 c5 20.Rab1 b6 21.Rb2 Nb8 22.b4 Nd7 23.Rcb1 cxb4 24.axb4
a4 25.Rc2 Kf8 26.Qe1 a3 27.Ra2 Ra4 28.Qh4 Nf6 29.Qe1 b5 30.Qc3
Rdxb4 31.Rxb4 Qxb4 32.Qxb4+ Rxb4 33.Rxa3 Ra4 34.Rb3 b4 35.Kf2
Nd7 36.Ke3 Nc5 37.Rb2 Ke7 38.Bd1 Ra3 39.Rxb4 Rxd3+ 40.Ke2 Rd4
41.Rxd4 exd4 42.Kf3 Kd6 43.Kf4 f6 44.Be2 Nd7 45.g4 h6 46.h4 Kc5
47.e5 Nxe5 48.Ke4 d3 49.Bxd3 Nxd3 50.Kxd3 h5 51.Ke4 hxg4 52.Kf4
g3 53.Kxg3 Kd5 54.Kg4 Ke5 55.Kh5 Kxf5 1/2-1/2

[Event "SC Weiler im Allgäu 1 - SC Böblingen 1"]
[Site "Oberliga 2019/2020"]
[Date "2019.10.13"]
[Time "10:00:00"]
[Round "2"]
[White "Barp, Alberto"]
[Black "Kuklin, Valentin"]
[WhiteElo "2431"]
[BlackElo "2335"]
[WhiteTeam "SC Weiler im Allgäu 1"]
[BlackTeam "SC Böblingen 1"]
[Board "2"]
[Result "1/2-1/2"]

1.d4 Nf6 2.c4 c5 3.d5 e6 4.Nc3 exd5 5.cxd5 d6 6.e4 g6 7.Bd3 Bg7
8.h3 O-O 9.Nf3 Nh5 10.O-O a6 11.a4 Nd7 12.Bg5 Bf6 13.Be3 Re8
14.Re1 Ne5 15.Be2 Nxf3+ 16.Bxf3 Ng7 17.Qd2 Bd7 18.Bf4 Be5 19.a5
Rb8 20.Bd1 Qe7 21.Bxe5 Qxe5 22.f4 Qd4+ 23.Qxd4 cxd4 24.Na4 Nf5
25.Bg4 Bxa4 26.Rxa4 Ne3 27.Re2 Rxe4 28.Bf3 Re7 29.Rxd4 Rc8 30.Kf2
Nf5 31.Rxe7 Nxe7 32.Rb4 Rc7 33.g4 h6 34.Ke3 Kf8 35.Kd4 g5 36.fxg5
hxg5 37.Be4 Ng6 38.Bxg6 fxg6 39.Rb6 Ke7 40.Rb3 Ke8 41.Re3+ Kf7
42.Re6 Rd7 43.b4 Rd8 44.Kc4 Rc8+ 45.Kb3 Rd8 46.b5 Rd7 47.Kb4
Rd8 48.Kc4 Rc8+ 49.Kd4 Rd8 50.Re3 axb5 51.Re6 Rd7 52.Kc3 Rc7+
53.Kb4 Rc4+ 54.Kb3 Ra4 55.Rxd6 Rxa5 56.Kb4 Ra1 57.Kxb5 Rh1 58.Kc5
Rxh3 59.Rd7+ Kf6 60.Rxb7 Rg3 61.Rb4 Ke5 62.Rb6 Rc3+ 63.Kb4 Rc8
64.Rxg6 Kxd5 65.Rxg5+ Ke6 66.Rf5 Rg8 67.Rf4 Ke5 1/2-1/2

[Event "SC Weiler im Allgäu 1 - SC Böblingen 1"]
[Site "Oberliga 2019/2020"]
[Date "2019.10.13"]
[Time ""]
[Round "2"]
[White "Tuncer, Ufuk"]
[Black "Tran, Thanh Kien"]
[WhiteElo "2321"]
[BlackElo "2138"]
[WhiteTeam ""]
[BlackTeam ""]
[Board ""]
[Result "1-0"]

1.e4 c5 2.Nf3 d6 3.d4 cxd4 4.Nxd4 Nf6 5.Nc3 a6 6.Bg5 e6 7.f4
h6 8.Bh4 Qb6 9.a3 Be7 10.Bf2 Qc7 11.Qf3 Nbd7 12.O-O-O b5 13.g4
g5 14.Bg2 Bb7 15.f5 e5 16.Nb3 O-O-O 17.Kb1 Nb6 18.Qe2 Nc4 19.a4
b4 20.Nd5 Nxd5 21.exd5 Kb8 22.Rhe1 Rc8 23.Bg1 Bd8 24.a5 Ba8 25.Qf2
Qb7 26.Re4 f6 27.Bf1 1-0

[Event "SC Weiler im Allgäu 1 - SC Böblingen 1"]
[Site "Oberliga 2019/2020"]
[Date "2019.10.13"]
[Time ""]
[Round "2"]
[White "Müller, Ralf"]
[Black "Balacek, Tadeas"]
[WhiteElo "2316"]
[BlackElo "2319"]
[WhiteTeam ""]
[BlackTeam ""]
[Board ""]
[Result "1/2-1/2"]

1.d4 Nf6 2.Nf3 e6 3.c4 d5 4.g3 Bb4+ 5.Nbd2 dxc4 6.a3 Bxd2+ 7.Bxd2
O-O 8.Bg2 Nbd7 9.Qc2 Nb6 10.a4 a5 11.O-O Nfd5 12.Rfd1 Bd7 13.Ne5
Qe8 14.Nxd7 Qxd7 15.e4 Nb4 16.Bxb4 axb4 17.a5 b3 18.Qd2 Na4 19.Bf1
b5 20.axb6 Nxb6 21.Rac1 Ra4 22.d5 exd5 23.exd5 Rd8 24.Qd4 Qb5
25.Qh4 Rd6 26.Rc3 h6 27.Qe4 Rd8 28.Qe7 Rxd5 29.Rxd5 Nxd5 30.Qd8+
Kh7 31.Rc1 c6 32.Qd7 Nf6 33.Qxf7 Qd5 34.Qe7 Qd4 35.Bh3 Ra5 36.Qe2
Rc5 37.Bf1 c3 38.bxc3 Rxc3 39.Rd1 Qc5 40.Qd2 Ne4 41.Bd3 Rxd3
42.Qxd3 Qxf2+ 43.Kh1 Qf5 44.Kg2 Qf2+ 45.Kh1 Qf5 1/2-1/2

[Event "SC Weiler im Allgäu 1 - SC Böblingen 1"]
[Site "Oberliga 2019/2020"]
[Date "2019.10.13"]
[Time ""]
[Round "2"]
[White "Wunder, Niklas"]
[Black "Schuh, Karsten"]
[WhiteElo "2055"]
[BlackElo "2181"]
[WhiteTeam ""]
[BlackTeam ""]
[Board ""]
[Result "1/2-1/2"]

1.d4 f5 2.c4 Nf6 3.e3 d6 4.Nf3 g6 5.b4 Bg7 6.Bb2 O-O 7.Be2 e5
8.dxe5 Ng4 9.Qb3 Nxe5 10.c5+ Kh8 11.Nxe5 dxe5 12.Nc3 c6 13.e4
f4 14.Nb1 Qe7 15.Nd2 Be6 16.Bc4 Bxc4 17.Qxc4 Nd7 18.h4 a5 19.a3
axb4 20.axb4 Rxa1+ 21.Bxa1 Ra8 22.Bc3 Rd8 23.Nf3 Nf8 24.O-O 1/2-1/2

[Event "SC Weiler im Allgäu 1 - SC Böblingen 1"]
[Site "Oberliga 2019/2020"]
[Date "2019.10.13"]
[Time ""]
[Round "2"]
[White "Bauer, Peter"]
[Black "Srba, Milan"]
[WhiteElo "2124"]
[BlackElo "2169"]
[WhiteTeam ""]
[BlackTeam ""]
[Board ""]
[Result "1-0"]

1.e4 g6 2.d4 Nf6 3.e5 Nh5 4.Bc4 d6 5.Nf3 Nc6 6.Qe2 Bg7 7.h3 dxe5
8.dxe5 Nd4 9.Qe4 Nxf3+ 10.Qxf3 O-O 11.g4 Qd4 12.Be2 Bxe5 13.gxh5
Bf5 14.Bd3 Rad8 15.Bxf5 gxf5 16.c3 Qd7 17.Bh6 Rfe8 18.O-O Kh8
19.Kh1 Qb5 20.Na3 Qxb2 21.Nc4 Qxc3 22.Nxe5 Qxe5 23.Rg1 Rg8 24.Bf4
Qc5 25.Rac1 Rxg1+ 26.Kxg1 Rg8+ 27.Kh2 Qa5 28.Qc3+ Qxc3 29.Rxc3
c6 30.Rd3 f6 31.Rd7 e5 32.Bh6 f4 33.Rxb7 f3 34.Rxa7 Rg2+ 35.Kh1
Kg8 36.Be3 f5 37.Re7 f4 38.Bb6 Rg5 39.h6 Rh5 40.Kh2 Rg5 41.Rg7+ 1-0

[Event "SC Weiler im Allgäu 1 - SC Böblingen 1"]
[Site "Oberliga 2019/2020"]
[Date "2019.10.13"]
[Time ""]
[Round "2"]
[White "Wunder, Fabian"]
[Black "Schulte, Torsten"]
[WhiteElo "2032"]
[BlackElo "2028"]
[WhiteTeam ""]
[BlackTeam ""]
[Board ""]
[Result "1/2-1/2"]

1.d4 Nf6 2.g3 d5 3.Bg2 e6 4.c4 Nc6 5.Nf3 dxc4 6.Qa4 Bb4+ 7.Bd2
Nd5 8.Bxb4 Ndxb4 9.O-O Rb8 10.Nc3 a6 11.Rac1 O-O 12.Rfd1 Qe7
13.b3 b5 14.Qa3 cxb3 15.axb3 Nd5 16.Qb2 Nxc3 17.Rxc3 Nb4 18.Rdc1
c6 19.Ne5 Bb7 20.Nxc6 Nxc6 21.Bxc6 Bxc6 22.Rxc6 a5 23.Rc7 Qb4
24.Qc3 Qxc3 25.R1xc3 a4 26.bxa4 bxa4 27.Ra3 Rb4 28.Ra7 Rxd4 29.R3xa4 1/2-1/2

[Event "SK Bebenhausen 1 - SV Nürtingen 1"]
[Site "Oberliga 2019/2020"]
[Date "2019.10.13"]
[Time ""]
[Round "2"]
[White "Weigand, Bernhard"]
[Black "Braun, Georg"]
[WhiteElo "2195"]
[BlackElo "2295"]
[WhiteTeam ""]
[BlackTeam ""]
[Board ""]
[Result "0-1"]

1.e4 c5 2.b3 g6 3.Bb2 Nf6 4.e5 Nd5 5.Nc3 Nxc3 6.Bxc3 Bg7 7.Nf3
O-O 8.h4 d5 9.exd6 Qxd6 10.Bxg7 Kxg7 11.d4 Nc6 12.c3 cxd4 13.Nxd4
Qc5 14.Bc4 Ne5 15.Qe2 Nxc4 16.bxc4 e5 17.Nb3 Qc7 18.h5 Be6 19.hxg6
hxg6 20.Nd2 Rh8 21.O-O-O b5 22.Rde1 Rxh1 23.Rxh1 Bxc4 24.Qe3
Rh8 25.Rxh8 Kxh8 26.Qh6+ Kg8 27.Ne4 Qe7 28.Kb2 Bd3 29.Ng5 f6
30.Nf3 Be4 31.Nd2 Bd3 32.Qe3 Bf5 33.f4 b4 34.fxe5 bxc3+ 35.Kxc3
Qc7+ 36.Nc4 Be6 37.Qe4 f5 38.Qd4 Kf7 39.Kb4 Qxc4+ 40.Qxc4 Bxc4
41.Kxc4 Ke6 42.Kd4 g5 43.a3 a6 44.a4 a5 45.g3 g4 46.Kd3 Kxe5
47.Ke3 Kd5 48.Kf4 Ke6 49.Ke3 Ke5 50.Ke2 Ke4 51.Kf2 Kd3 52.Kg2
Ke2 53.Kh2 Kf2 0-1

[Event "SK Bebenhausen 1 - SV Nürtingen 1"]
[Site "Oberliga 2019/2020"]
[Date "2019.10.13"]
[Time ""]
[Round "2"]
[White "Bräuning, Rudolf Wilhelm"]
[Black "Mehne, Claudius"]
[WhiteElo "2246"]
[BlackElo "2179"]
[WhiteTeam ""]
[BlackTeam ""]
[Board ""]
[Result "1-0"]

1.e4 e5 2.Nf3 Nc6 3.Bb5 a6 4.Bxc6 dxc6 5.Nc3 f6 6.Ng1 c5 7.d3
Bd6 8.f4 exf4 9.Qh5+ g6 10.Qf3 g5 11.Qh5+ Kf8 12.h4 Qe8 13.Qe2
h5 14.Bd2 Bg4 15.Nf3 Qg6 16.O-O-O Re8 17.Qf2 Nh6 18.Nd5 Nf7 19.Bc3
Ne5 20.hxg5 fxg5 21.Nxe5 Bxe5 22.Bxe5 Rxe5 23.Nxf4 Qf6 24.Ng6+
Kg7 25.Qxf6+ Kxf6 26.Nxh8 Bxd1 27.Kxd1 g4 28.Kd2 Kg7 29.Ke3 Kxh8
30.Kf4 1-0

[Event "SK Bebenhausen 1 - SV Nürtingen 1"]
[Site "Oberliga 2019/2020"]
[Date "2019.10.13"]
[Time ""]
[Round "2"]
[White "Mareck, Sascha"]
[Black "Carstens, Andreas"]
[WhiteElo "2106"]
[BlackElo "2107"]
[WhiteTeam ""]
[BlackTeam ""]
[Board ""]
[Result "1-0"]

1.d4 Nf6 2.Nf3 g6 3.c4 Bg7 4.Nc3 O-O 5.e4 d6 6.Be2 e5 7.O-O Nc6
8.d5 Ne7 9.b4 a5 10.bxa5 c5 11.Nd2 Rxa5 12.Nb3 Ra6 13.Be3 Nd7
14.a4 f5 15.f3 f4 16.Bf2 g5 17.a5 Ng6 18.Nb5 Rf7 19.Nxd6 Rxd6
20.Nxc5 Nxc5 21.Bxc5 Bf8 22.Bf2 Rg7 23.c5 Rf6 24.Qb3 Kh8 25.Rfc1
h5 26.c6 g4 27.Qb6 Qe8 28.cxb7 Rxb6 29.bxc8Q Qxc8 30.Rxc8 Rb2
31.Kf1 Rgb7 32.a6 Rb1+ 33.Rc1 Rxc1+ 34.Rxc1 Rb2 35.a7 Ra2 36.fxg4
hxg4 37.Bxg4 Kg7 38.Bd7 1-0

[Event "SK Bebenhausen 1 - SV Nürtingen 1"]
[Site "Oberliga 2019/2020"]
[Date "2019.10.13"]
[Time ""]
[Round "2"]
[White "Latzke, Boris"]
[Black "Aring, Gerd"]
[WhiteElo "2188"]
[BlackElo "2155"]
[WhiteTeam ""]
[BlackTeam ""]
[Board ""]
[Result "0-1"]

1.d4 Nf6 2.c4 e6 3.Nf3 d5 4.Nc3 Be7 5.cxd5 exd5 6.Qc2 O-O 7.Bg5
c6 8.e3 Re8 9.Bd3 h6 10.Bh4 Nbd7 11.O-O Ne4 12.Bxe4 Bxh4 13.Bh7+
Kh8 14.Bd3 Be7 15.Rab1 a5 16.Rfc1 Bd6 17.a3 Nf8 18.Na4 Bg4 19.Nd2
Qh4 20.Nf1 Ne6 21.f3 Bh5 22.Qf2 Qe7 23.Qc2 Ng5 24.Nc5 Bxc5 25.Qxc5
Nxf3+ 26.gxf3 Qg5+ 27.Kf2 Re6 28.Be2 Rae8 29.Rc3 Rf6 30.Ng3 Bxf3
31.Bxf3 Qg4 32.e4 dxe4 33.Re1 Rxf3+ 34.Rxf3 Qxf3+ 35.Kg1 g6 36.Qc1
e3 37.Rf1 Qd5 38.Qc5 Qe6 39.Qc3 Kg8 40.Re1 f5 41.Ne2 g5 42.Qd3
f4 43.Rf1 Rf8 44.d5 cxd5 45.Nd4 Qb6 46.Rc1 Kh8 47.b4 axb4 48.axb4
Re8 49.b5 e2 50.Kf2 Re4 51.Rc8+ Kg7 52.Rc7+ Kf6 0-1

[Event "SK Bebenhausen 1 - SV Nürtingen 1"]
[Site "Oberliga 2019/2020"]
[Date "2019.10.13"]
[Time ""]
[Round "2"]
[White "Auch, Stefan"]
[Black "Wendler, David"]
[WhiteElo "2013"]
[BlackElo "2105"]
[WhiteTeam ""]
[BlackTeam ""]
[Board ""]
[Result "0-1"]

1.e4 c5 2.c3 Nf6 3.e5 Nd5 4.Nf3 Nc6 5.d4 cxd4 6.cxd4 d6 7.Bc4
e6 8.O-O Be7 9.Qe2 O-O 10.Nc3 Nxc3 11.bxc3 dxe5 12.dxe5 Qa5 13.a4
Rd8 14.Bd2 Bd7 15.Bd3 Be8 16.Rfe1 Rac8 17.Qe4 {(=)} g6 18.h4
Qd5 19.Bb5 Qxe4 20.Rxe4 a6 21.Bf1 Na5 22.Nd4 Bc6 23.Nxc6 Rxc6
24.Be3 Nb3 25.Rb1 Rxc3 26.Bc4 Nd2 27.Bxd2 Rxd2 28.Rxb7 Bc5 29.Rf4
Rxf2 30.Rxf2 Bxf2+ 31.Kxf2 Rxc4 32.h5 gxh5 33.Kg3 Rxa4 34.Ra7
Re4 35.Rxa6 Rxe5 36.Kh4 Kg7 37.Ra3 Kh6 38.Rf3 Re4+ 39.Kh3 Kg6
40.g3 f5 41.Ra3 h4 42.gxh4 Kh5 43.Ra7 Rxh4+ 44.Kg3 Rg4+ 45.Kh3
Kg6 46.Re7 Re4 47.Kg3 e5 48.Ra7 h5 49.Ra8 h4+ 50.Kh3 Kg5 51.Rg8+
Kf4 52.Kxh4 Kf3+ 53.Kh3 Rg4 54.Ra8 e4 55.Ra1 Rg3+ 56.Kh2 Rg2+
57.Kh1 Rg5 58.Ra2 e3 59.Rg2 e2 0-1

[Event "SK Bebenhausen 1 - SV Nürtingen 1"]
[Site "Oberliga 2019/2020"]
[Date "2019.10.13"]
[Time ""]
[Round "2"]
[White "Frick, Christoph"]
[Black "Gold, Stefan"]
[WhiteElo "2095"]
[BlackElo "2013"]
[WhiteTeam ""]
[BlackTeam ""]
[Board ""]
[Result "1-0"]

1.d4 Nf6 2.Bf4 e6 3.e3 b6 4.Nf3 Bb7 5.Nbd2 Be7 6.h3 d6 7.Bd3
Nbd7 8.O-O O-O 9.e4 c5 10.c3 cxd4 11.cxd4 e5 12.Bh2 exd4 {(=)}
13.Nxd4 Nc5 14.Qe2 Nxd3 15.Qxd3 d5 16.e5 Ne4 17.Rad1 Nc5 18.Qg3
Ba6 19.Nf5 g6 20.b4 Bxf1 21.Kxf1 Ne6 22.Ne4 dxe4 23.Rxd8 Bxd8
24.Nd6 a5 25.b5 Bc7 26.Nxe4 f5 27.Qb3 Rae8 1-0

[Event "SK Bebenhausen 1 - SV Nürtingen 1"]
[Site "Oberliga 2019/2020"]
[Date "2019.10.13"]
[Time ""]
[Round "2"]
[White "Kill, Matthias"]
[Black "Khadempour, Farhad"]
[WhiteElo "2011"]
[BlackElo "2107"]
[WhiteTeam ""]
[BlackTeam ""]
[Board ""]
[Result "0-1"]

1.Nf3 Nf6 2.c4 e6 3.Nc3 d5 4.cxd5 exd5 5.d4 c6 6.Bg5 Nbd7 7.e3
Qa5 8.Nd2 Bb4 9.Bd3 Bxc3 10.bxc3 Qxc3 11.Ke2 Qa3 12.Qc2 O-O 13.f3
Re8 14.Rab1 h6 15.Bh4 Qe7 16.Bf2 c5 17.Kf1 c4 18.Bf5 g6 19.Bh3
b5 20.Rxb5 c3 21.Qxc3 Ba6 22.Qa5 Bxb5+ 23.Qxb5 Rab8 24.Qa5 Rb2
25.Ke2 Nb6 26.Kd3 Qc7 27.Qc5 Qb7 28.Rc1 Qa6+ 0-1

[Event "SK Bebenhausen 1 - SV Nürtingen 1"]
[Site "Oberliga 2019/2020"]
[Date "2019.10.13"]
[Time ""]
[Round "2"]
[White "Kasüschke, Lars Göran"]
[Black "Schwarz, Arnd-Rüdiger"]
[WhiteElo "1953"]
[BlackElo "2143"]
[WhiteTeam ""]
[BlackTeam ""]
[Board ""]
[Result "1-0"]

1.c4 g6 2.Nc3 Bg7 3.g3 Nc6 4.Bg2 d6 5.Rb1 e5 6.b4 f5 7.Qa4 e4
8.b5 Ne5 9.b6+ c6 10.Nd5 axb6 11.Qxa8 cxd5 12.cxd5 Nf6 13.Qa4+
Bd7 14.Qb3 b5 15.Nh3 Nh5 16.Bb2 O-O 17.Nf4 Nxf4 18.gxf4 Ng4 19.Bxg7
Kxg7 20.h4 Nf6 21.e3 Qa5 22.Bf1 Rc8 23.Be2 Rc5 24.O-O Rxd5 25.d4
exd3 26.Bf3 Rc5 27.Qxd3 Qc7 28.Rfd1 d5 29.Qb3 Be6 30.Qb2 d4 31.Rxd4
Rc2 32.Qxb5 Bxa2 33.Rbd1 Kh6 34.Qxb7 Qxb7 35.Bxb7 Bc4 36.Bf3
Ng4 37.Bxg4 fxg4 38.Kg2 Be2 39.Ra1 Bf3+ 40.Kg3 Rb2 41.Rd7 1-0

[Event "SV Jedesheim 1 - Heilbronner SV 1"]
[Site "Oberliga 2019/2020"]
[Date "2019.10.13"]
[Time ""]
[Round "2"]
[White "Zuferi, Enis"]
[Black "Pikula, Dejan"]
[WhiteElo "2290"]
[BlackElo "2415"]
[WhiteTeam ""]
[BlackTeam ""]
[Board ""]
[Result "0-1"]

1.d4 Nf6 2.Nf3 e6 3.c4 c5 4.d5 exd5 5.cxd5 d6 6.Nc3 g6 7.Bf4
a6 8.Nd2 b5 9.a4 b4 10.Nce4 Nh5 11.Be3 f5 12.g4 Ng7 13.gxf5 Nxf5
14.Bf4 Be7 15.Nc4 a5 16.h4 O-O 17.h5 g5 18.Rg1 h6 19.Bc1 Ng7
20.b3 {(=)} Bf5 21.Bg2 Bxe4 22.Bxe4 Bf6 23.Ra2 Bc3+ 24.Kf1 Nd7
25.Bb1 Nf6 26.Qd3 Qe8 27.Bd2 Rd8 28.Nxa5 Qxh5 29.Bxc3 bxc3 30.Qg6
Qxg6 31.Bxg6 Nxd5 32.Ra1 Nf4 33.Bc2 Rde8 34.e3 Nh3 35.Rg2 Rxe3
36.Nc4 Ref3 37.a5 Rxf2+ 38.Rxf2 Rxf2+ 39.Ke1 Rxc2 40.a6 Rh2 41.Ne3
Ne6 42.a7 Nc7 43.Ra6 c2 44.Nxc2 Rxc2 45.Rc6 Na8 0-1

[Event "SV Jedesheim 1 - Heilbronner SV 1"]
[Site "Oberliga 2019/2020"]
[Date "2019.10.13"]
[Time ""]
[Round "2"]
[White "Heidenfeld, Mark"]
[Black "Kabisch, Thilo"]
[WhiteElo "2352"]
[BlackElo "2326"]
[WhiteTeam ""]
[BlackTeam ""]
[Board ""]
[Result "1-0"]

1.e4 e6 2.d4 d5 3.Nc3 dxe4 4.Nxe4 Nd7 5.Nf3 Ngf6 6.Nxf6+ Nxf6
7.g3 c5 8.Bg2 cxd4 9.Qxd4 Qxd4 10.Nxd4 Bc5 11.Nb3 Bb6 12.c4 O-O
13.Bg5 a5 14.c5 Bc7 15.Nd2 Nd5 16.Nc4 Bd7 17.Ne3 h6 18.Nxd5 exd5
19.Be3 Be5 20.O-O-O a4 21.Bxd5 a3 22.Bd4 axb2+ 23.Kxb2 Bxd4+
24.Rxd4 Ra5 25.Rc1 Rb5+ 26.Ka1 Bf5 27.g4 Be6 28.a4 Ra8 29.Bxe6
fxe6 30.Rd8+ Rxd8 31.axb5 Ra8+ 32.Kb2 Ra5 33.b6 Kf7 34.Kb3 Ke7
35.Rc3 Kd7 36.Kb4 Ra2 37.Rd3+ Kc8 38.Rf3 Rb2+ 39.Kc3 Rb1 40.Rf7
Rf1 41.Kd4 g5 42.Ke5 Rc1 43.Kd6 Rd1+ 44.Kxe6 Re1+ 45.Kf5 Rc1
46.Rc7+ Kb8 47.Kg6 Rc2 48.Kxh6 Rxf2 49.Kxg5 Rxh2 50.Kg6 1-0

[Event "SV Jedesheim 1 - Heilbronner SV 1"]
[Site "Oberliga 2019/2020"]
[Date "2019.10.13"]
[Time ""]
[Round "2"]
[White "Schmidt, Tobias"]
[Black "Beletic, Daniel"]
[WhiteElo "2250"]
[BlackElo "2349"]
[WhiteTeam ""]
[BlackTeam ""]
[Board ""]
[Result "1/2-1/2"]

1.e4 c6 2.d4 d5 3.Nc3 dxe4 4.Nxe4 Bf5 5.Ng3 Bg6 6.N1e2 e6 7.Nf4
Bd6 8.c3 Qc7 9.Qf3 Nf6 10.h4 Nbd7 11.h5 Bc2 12.h6 g6 13.Bd3 Bxd3
14.Nxd3 Qa5 15.Bf4 Bxf4 16.Qxf4 O-O-O 17.O-O g5 18.Qc1 Rhg8 19.b4
Qd5 20.Re1 Rg6 21.Ne5 Nxe5 22.Rxe5 Qd6 23.Rxg5 Rdg8 24.Rxg6 Rxg6
25.Qe1 Ng4 26.f3 Nxh6 27.Nh5 Rg5 28.Qh4 Qe7 29.Ng3 Qf6 30.f4
Rg6 31.Qxf6 Rxf6 32.Rf1 Rg6 33.Ne4 Nf5 34.Kf2 h5 35.Ng5 Rg7 36.Re1
h4 37.Kf3 f6 38.Ne4 Rg6 39.a4 b6 40.Rh1 Kc7 41.Rh3 Kd7 42.Rh1
Kc8 43.Rh3 Kd7 44.Rh1 Kc8 45.Rh3 Kd7 1/2-1/2

[Event "SV Jedesheim 1 - Heilbronner SV 1"]
[Site "Oberliga 2019/2020"]
[Date "2019.10.13"]
[Time ""]
[Round "2"]
[White "Trussevich, Sergey"]
[Black "Pogan, Nikolas"]
[WhiteElo "2314"]
[BlackElo "2211"]
[WhiteTeam ""]
[BlackTeam ""]
[Board ""]
[Result "0-1"]

1.Nf3 Nf6 2.e3 g6 3.b3 Bg7 4.Bb2 O-O 5.c4 b6 6.Be2 Bb7 7.O-O
e6 8.d3 d6 9.Nbd2 Qe7 10.Qc2 e5 11.b4 e4 12.dxe4 Nxe4 13.Bxg7
Kxg7 14.Nxe4 Bxe4 15.Qc3+ Qf6 16.Qxf6+ Kxf6 17.Nd2 Bb7 18.Nb3
Na6 19.b5 Nc5 20.Nd4 a6 21.Rfd1 Ke7 22.a4 a5 23.f3 f5 24.Kf2
Rae8 25.h4 f4 26.e4 Kf6 27.Bd3 h6 28.Bc2 Bc8 29.Bd3 g5 30.Ne2
Ke5 31.Nc3 Be6 32.Nd5 Bxd5 33.exd5 gxh4 34.Bg6 Re7 35.Re1+ Kf6
36.Rxe7 Kxe7 37.Bc2 Nd7 38.Rh1 Ne5 39.Rxh4 Rf6 40.Bb3 Kf7 41.Ke2
Kg6 42.Kd2 Kg5 43.Rh1 Rf7 44.Kc3 Re7 45.Bc2 Nd7 46.Rh3 Re3+ 47.Kd2
Ne5 48.Be4 Nxc4+ 49.Kd1 h5 50.g3 fxg3 51.Rxg3+ Kf4 52.Rg7 Rc3
53.Ke2 Ne5 54.Rh7 Ra3 55.Rxc7 Rxa4 56.Rb7 h4 57.Rh7 Ra2+ 58.Kf1
Nxf3 59.Bxf3 Kxf3 60.Rf7+ Ke4 61.Rb7 h3 62.Kg1 Kxd5 63.Rxb6 a4
64.Ra6 a3 65.Kh1 Kc5 66.b6 Kc6 67.b7+ Kxb7 68.Rxd6 Rb2 69.Rd2
{Merkwürdig; es ist ja kein Patt; Partieformulare sind grenzwertig}
Rb1+ 70.Kh2 Rb2 0-1

[Event "SV Jedesheim 1 - Heilbronner SV 1"]
[Site "Oberliga 2019/2020"]
[Date "2019.10.13"]
[Time ""]
[Round "2"]
[White "Dudek, Richard"]
[Black "Römer, Ulrich"]
[WhiteElo "2173"]
[BlackElo "2167"]
[WhiteTeam ""]
[BlackTeam ""]
[Board ""]
[Result "0-1"]

1.e4 c5 2.Nc3 Nc6 3.g3 g6 4.Bg2 Bg7 5.d3 d6 6.f4 Nf6 7.Nf3 O-O
8.O-O Rb8 9.h3 b5 10.a3 a5 11.Be3 b4 12.axb4 axb4 {(=)} 13.Ne2
Bb7 14.g4 Ra8 15.Qd2 Rxa1 16.Rxa1 Qb6 17.f5 Nd7 18.Rb1 Ra8 19.Nf4
Nde5 20.Nd5 Nxf3+ 21.Bxf3 Nd4 22.Bxd4 Bxd4+ 23.Kg2 Bxd5 24.exd5
Ra2 25.b3 Qd8 26.Rf1 Qf8 27.Be4 Qg7 28.h4 Qe5 29.Kh3 c4 30.Rb1
cxb3 31.Rxb3 Bc3 32.Qd1 Qf4 33.Qf3 Qd2 34.fxg6 hxg6 35.d4 Rxc2
36.Bxc2 Qxc2 0-1

[Event "SV Jedesheim 1 - Heilbronner SV 1"]
[Site "Oberliga 2019/2020"]
[Date "2019.10.13"]
[Time ""]
[Round "2"]
[White "Hofer, Emilian"]
[Black "Tschlatscher, Thomas"]
[WhiteElo "2186"]
[BlackElo "2155"]
[WhiteTeam ""]
[BlackTeam ""]
[Board ""]
[Result "1-0"]

1.e4 e5 2.Nf3 Nc6 3.Bb5 a6 4.Ba4 Nf6 5.O-O b5 6.Bb3 Be7 7.Re1
O-O 8.a4 b4 9.d3 d6 10.h3 Na5 11.Ba2 c5 12.Nbd2 Rb8 13.Nc4 Nc6
14.Ne3 Ne8 15.Nd5 Be6 16.Nxe7+ Qxe7 17.Nd2 Bxa2 18.Rxa2 f5 19.Ra1
f4 20.c3 Kh8 21.Nf3 Nc7 22.d4 a5 23.dxe5 dxe5 24.Qe2 Qe6 25.Rd1
Rfd8 26.Bd2 c4 27.Be1 h6 28.Rxd8+ Nxd8 29.Rc1 bxc3 30.Bxc3 Nc6
31.Be1 Nb4 32.Qxc4 Qxc4 33.Rxc4 Ne8 34.Nxe5 Nd6 35.Rd4 Re8 36.Bxb4
axb4 37.Rxd6 Rxe5 38.Rd4 Rg5 39.Rxb4 f3 40.g4 h5 41.Rb5 1-0